00709nam a2200205 a 45000010005000000030008000050050017000130080039000300350018000690400032000870410008001190820022001271000031001492450043001802600036002233000025002595040038002845050168003226500013004908238BD-RjUL20211208234540.0140118s1966 enka b 001 0 eng a(BD-RjUL)8283 aDLCcDLCdDLCdBD-RjULbeng aeng00a530bASU 19662231 aAsimov, Isaac,d1920-1992.10aUnderstanding physics / cIsaac Asimov aLondon :bAllen & Unwin,cc1966 aV. :bill. ;c24 cm. aincludes Bibliography and index.0 av. 1. Motion, sound, and heat. 45/- (B67-15117)--.2. Light, magnetism, and electricity. 45/- (B67-15118)--v. 3. The electron, proton, and neutron. 45/- (B67-15119) 0aPhysics.